000 00586nam a2200205Ia 4500
005 20250326145041.0
008 250326s9999 xx 000 0 und d
020 _a978-81-7445-519-2
037 _aTextbook
040 _aFMSL
_beng
_cFMSL
041 _aeng
_2eng
084 _aL:14.44 Q0;1
_qFMSL
100 _aPardeep Kumar
_9537453
245 0 _aEconomics of health sector reforms in India
_cPardeep Kumar; Goel M M
260 _aNew Delhi
_bNew Delhi, Mohit
_c2010
300 _a234p
365 _b750
942 _cTB
_hL:14.44 Q0;1
999 _c1306195
_d1306195